Londres, 13 de julio / (Registro nro. 10750)

Detalles MARC
000 -LIDER
fixed length control field 00851nam a22002777a 4500
001 - NÚMERO DE CONTROL
Identificador de número de control 000373
003 - IDENTIFICACDOR DE NÚMERO DE CONTROL
control field DO-SdBNP
005 - DATE AND TIME OF LATEST TRANSACTION
control field 20180130112042.0
007 - CAMPOS FIJOS DE DESCRIPCIÓN FÍSICA
fixed length control field 000373
008 - ELEMENTOS DE LONGITUD FIJA
fixed length control field 160707 1996 sp ||||| |||| 00| 0 spa d
020 ## - ISBN
International Standard Book Number 8421628577
040 ## - FUENTE DE CATALOGACIÓN
Agencia que crea de manera original el registro BPMSU
Idioma de catalogación spa
Agencia que realiza la transcripción BPMSU
092 ## - LOCALLY ASSIGNED DEWEY DECIMAL CALL NUMBER
Número de clasificación xxxxx
Número de ítem (Cutter) xxxxx
100 1# - ASIENTO PRINCIPAL -- NOMBRE PERSONAL
Nombre personal Recheis, Käthe,
Fechas asociadas con el nombre 1928-
240 10 - TITULO UNIFORME
Título uniforme London, 13. Juli.
Idioma de una obra Español
245 10 - MENCIÓN DE TITULO
Título Londres, 13 de julio /
Mención de responsabilidad Käthe Recheis ; traducción Rosa Pilar Blanco.
260 ## - PUBLICACIÓN, DISTRIBUCIÓN, ETC. (PIE DE IMPRENTA)
Lugar de publicación, distribución, etc Madrid :
Nombre del editor, distribuidor, etc. Bruño,
Fecha de publicación, distribución, etc 1996.
300 ## - DESCRIPCIÓN FÍSICA
Extensión 188 p. ;
Dimensiones 21 cm.
490 1# - MENCIÓN DE SERIES
Mención de serie Paralelo cero
Volume/sequential designation 8
500 ## - NOTA GENERAL
Nota general Incluye datos biográficos del autor en la solapa de la contracubierta.
700 1# - ASIENTO SECUNDARIO -- NOMBRE PERSONAL
Nombre personal Blanco, Rosa Pilar,
Mención de responsabilidad tr.
830 #0 - ASIENTO SECUNDARIO DE SERIE--TÍTULO UNIFORME
Nombre de la parte o sección de una obra Paralelo cero ;
Número de la parte o sección de una obra 8
942 ## - ADDED ENTRY ELEMENTS (KOHA)
Source of classification or shelving scheme Dewey Decimal Classification
Koha item type Libros
945 ## - INFORMACIÓN DE PROCESAMIENTO LOCAL
Información de procesamiento local Inventariado, 2018/ YL
956 ## - LOCAL ELECTRONIC LOCATION AND ACCESS (OCLC)
Método de acceso LOPEREZ
Enlace 20160707
Nombre de host 00041
Número de acceso 10
Información de compresión BPMSU
Existencias
Withdrawn status Lost status Source of classification or shelving scheme Damaged status Not for loan Collection code Home library Current library Date acquired Source of acquisition Total Checkouts Barcode Date last seen Price effective from Koha item type
    Dewey Decimal Classification     Colección General Biblioteca Pública Metropolitana Salomé Ureña Biblioteca Pública Metropolitana Salomé Ureña 07/07/2016 FUNDI   BPMSU16070202 07/07/2016 07/07/2016 Libros